000 00825nas a2200265 4500
001 BR2013002487
003 BR-BrBNA
005 20231205122152.0
007 ta
008 230509b bl.|||p| |||| 00| 00por d
040 _aBR-BrBNA
_bpor
_cBiblioteca Nacional de Agricultura
041 _a(Pt)
072 _aL40
100 1 _aMartins, T.G.
100 1 _aCalazans, D.K.
245 1 _aDescrição morfológica e desenvolvimento da Zoé I de Exhippolysmata oplophoroides (Holthuis, 1948)(Caridea, Hippolytidae)em laboratório
650 _aCRUSTÁCEO
650 _aMORFOLOGIA ANIMAL
650 _aLARVA
650 _aFÊMEA
650 _aLABORATÓRIO
773 0 _tAtlântica (Brazil)
_xISSN 0102-1656
_g(2003), v. 25(1) p. 67-73
_wBR2013002487
909 _a202311
_bLúcia
_c55
_dLúcia Elande
942 _2AGRIS
_n0
_cANA
999 _c227267
_d227267